Les pays avec le plus de personnes qui croient en Dieu - Statistiques

Statistiques générales
  • Ce quiz a été pris 56 fois
  • Le résultat moyen est 22 sur 50
Statistiques - réponses
Pourcentage de la population croyante Pays % Correct
99,94% Inde
74%
99,88% Iran
74%
99,88% Iraq
74%
99,99% Maroc
74%
99,37% Arabie Saoudite
70%
99,99% Afghanistan
66%
99,99% Egypte
64%
99,74% Tunisie
64%
99,91% Indonésie
60%
99,99% Pakistan
60%
98,81% Turquie
60%
98,96% Soudan
57%
98,83% Emirats Arabes Unis
51%
99,87% Libye
51%
99,75% Népal
51%
99,23% Ouzbekistan
51%
99,91% Yemen
51%
99,94% Ethiopie
49%
99,13% Qatar
49%
99,23% Niger
47%
99,61% Nigeria
47%
99,52% Soudan du Sud
47%
99,48% Turkmenistan
47%
99,47% Mali
45%
99,70% Oman
45%
100% Bangladesh
43%
99,40% Malaisie
43%
98,77% Arménie
40%
99,52% Kirghizistan
38%
99,72% Thailande
38%
99,50% Myanmar
36%
99,90% Philippines
36%
98,46% Tadjikistan
36%
99,07% Albanie
34%
99,95% Azerbaidjan
34%
99,81% Cambodge
34%
99,29% Georgie
34%
99,17% Laos
34%
99,52% Burkina Faso
32%
99,50% Ouganda
30%
99,44% Zambie
30%
98,37% Tanzanie
28%
98,81% Moldavie
23%
98,37% Chypre
21%
98,66% Liberia
21%
98,52% Macédoine du Nord
17%
99,90% Roumanie
15%
99,07% République Centrafricaine
13%
98,82% Paraguay
9%
99,78% Lisbonne
4%
Aucun quiz correspondant
Distribution des résultats
% des personnes avec chaque résultat
Percentile par nombre de réponses
Votre historique - résultats
Vous n’avez pas pris ce quiz